Villes de l'agglomération de Brest - Statistiques

Statistiques générales
  • Ce quiz a été pris 198 fois
  • Le résultat moyen est 6 sur 8
Statistiques - réponses
Villes % Correct
Guipavas
91%
Gouesnou
82%
Plouzané
82%
Le Relecq-Kerhuon
71%
Guilers
69%
Bohars
63%
Brest
60%
Plougastel-Daoulas
48%
Aucun quiz correspondant
Distribution des résultats
% des personnes avec chaque résultat
Percentile par nombre de réponses
Votre historique - résultats
Vous n’avez pas pris ce quiz